000 00353pab a2200157 454500
008 180718b2015 xxu||||| |||| 00| 0 eng d
100 _aChidambaram, R.M.
245 _aCommercialisation of agriculture
260 _c2015
300 _ap.7-8.
362 _aJan
650 _aAgriculture
773 _aKurukshetra
908 _aN
909 _a106826
999 _c106821
_d106821